00459nam a2200145Ia 4500008004100000082001400041100001900055245001600074260005500090630001800145650001400163942000900177952011000186999001700296211109s9999||||xx |||||||||||||| ||und|| aaqbPAI-A aPaintal, Veena 0aAutumn Leaf bKamalalya Printing WorksaThiruvananthapuramc1978 xGENERAL STACK vGeneralia cBOOK 00104070aSBCLbSBCLc2d2021-11-09g6.00l0oaq PAI-Ap00058474r2021-11-09 00:00:00w2021-11-09yBOOK c74067d74067